000 00298nam a2200121Ia 4500
008 220204s9999 xx 000 0 und d
082 _a678.5:62
_bDAL
245 0 _aAblative Plastics
260 _aNew York
_bMarcel Dekker
_c1971
700 _aDalelio, G F
700 _aParker, John A
942 _cBK
999 _c23723
_d23723